000 00709nam a2200241Ia 4500
003 OSt
005 20220918182400.0
006 a|||||r|||| 00| 0
007 ta
008 220917b |||||||| |||| 00| 0 eng d
024 _a32,210
037 _cTextual
040 _aARTS
_cARTS
_beng
041 _2eng
_aeng
082 _aO111,3K59,1:g, K6
100 _aHunter J Paul
_960163
245 0 _aReluctatnt pilgrim
_b Defoe's emblematic method and quest for from in Robinson Crusoe
260 _aBaltimore
_bJohns Hopkins Press
_c1966
300 _axx, 27p.
_ccm.
650 _aENGLISH LITERATURE
942 _hO111,3K59,1:g, K6
_cTEXL
_2CC
999 _c168783
_d168783